000 00736nam a2200253Ia 4500
003 OSt
005 20220926020912.0
006 a|||||r|||| 00| 0
007 ta
008 220923b |||||||| |||| 00| 0 eng d
020 _a0387905111
037 _cGeneral Book
040 _aRTL
_cRTL
_beng
041 _2eng
_aeng
082 _aX65291.73.N8, M0
100 _aSpenger Bruce D
_9325363
245 0 _aBenefit cost analysis of data use to allocate fund
260 _aNew York
_bSpringer Verlag USA
_c1980
300 _a296p. Bib p 284-96
_ccm.
490 _aLecture notes in stateistics. 3
650 _aSecurity
942 _hX65291.73.N8, M0
_cGB
_2CC
999 _c635226
_d635226